00688 2200301 4500001002100000008004100021035002000062245004800082100001400130260003100144300001100175020002200186084001400208082000800222990001200230990001200242990001200254990001200266990001200278990001200290990001200302990001200314990001200326990001200338990001200350990001200362990001200374INLIS000000000002893 IND  a0010-0925000240 aMengkaji Ilmu Geografi Kelas XIIcSugiyanto aSugiyanto aSolobTIga Serangkaic2025 a174c- a978-623-199-578-0 a910 SUG m a910 a0755275 a0755276 a0755277 a0755278 a0755279 a0755280 a0755281 a0755282 a0755283 a0755284 a0755285 a0755286 a0755287